IITRI fracture handbook : (Record no. 19978)

000 -LEADER
fixed length control field 00927cam a2200241 i 4500
001 - CONTROL NUMBER
control field 4157824
005 - DATE AND TIME OF LATEST TRANSACTION
control field 20170118091714.0
008 - FIXED-LENGTH DATA ELEMENTS--GENERAL INFORMATION
fixed length control field 791016s1979 ilua b 000 0 eng
010 ## - LIBRARY OF CONGRESS CONTROL NUMBER
LC control number 78078273
020 ## - INTERNATIONAL STANDARD BOOK NUMBER
International Standard Book Number 0915802112
050 00 - LIBRARY OF CONGRESS CALL NUMBER
Classification number TN690 .I18 1979
110 2# - MAIN ENTRY--CORPORATE NAME
Corporate name or jurisdiction name as entry element IIT Research Institute.
Subordinate unit Metals Research Division.
245 10 - TITLE STATEMENT
Title IITRI fracture handbook :
Remainder of title failure analysis of metallic materials by scanning electron microscopy /
Statement of responsibility, etc. edited by S. Bhattacharyya ... [et al.].
260 ## - PUBLICATION, DISTRIBUTION, ETC. (IMPRINT)
Place of publication, distribution, etc. Chicago :
Name of publisher, distributor, etc. Metals Research Division, IIT Research Institute,
Date of publication, distribution, etc. 1979.
300 ## - PHYSICAL DESCRIPTION
Extent xxx, 427, [141] p. :
Other physical details ill. ;
Dimensions 29 cm.
504 ## - BIBLIOGRAPHY, ETC. NOTE
Bibliography, etc Bibliography: p. xxx.
650 #0 - SUBJECT ADDED ENTRY--TOPICAL TERM
Topical term or geographic name as entry element Fractography
General subdivision Handbooks, manuals, etc.
700 1# - ADDED ENTRY--PERSONAL NAME
Personal name Bhattacharyya, S.
942 ## - ADDED ENTRY ELEMENTS (KOHA)
Source of classification or shelving scheme
Koha item type Hard Covered Materials
Classification part TN690 .I18 1979
Holdings
Withdrawn status Lost status Source of classification or shelving scheme Damaged status Not for loan Home library Current library Shelving location Date acquired Source of acquisition Total Checkouts Full call number Barcode Date last seen Price effective from Koha item type
          MACHAKOS UNIVERSITY LIBRARY MACHAKOS UNIVERSITY LIBRARY Technical section 18/01/2017 Donation(BFA)   TN690 .I18 1979 30010 24/07/2018 18/01/2017 Hard Covered Materials
© Machakos University Library, Along The Highway, Machakos Wote Rd, Machakos, Kenya P.O. Box 136 - 90100 Machakos - Kenya

Tel: ( +254 ) 723 805829 OR Fax : 044-20353 OR Email: library@mksu.ac.ke